Southville International School and Colleges
Your cart is empty.
  • Cart
  • Lists
    Public lists Eva Luna New books Lux_list list_1
    Your lists Log in to create your own lists
  • Log in to your account
  • Your cookies
  • Search history
Southville International School and Colleges
  • Advanced search
  • Recent comments
  • Most popular
  • Libraries

Log in to your account

Log in with GOOGLE


If you do not have an external account, but do have a local account, you can still log in:

  1. Home
  2. MARC view: Spy sinker /
Normal view MARC view ISBD view

Spy sinker / (Record no. 11494)

[ view plain ]
MARC details
000 -LEADER
fixed length control field 00975cam a2200289 a 4500
001 - CONTROL NUMBER
control field 566040
003 - CONTROL NUMBER IDENTIFIER
control field OSt
005 - DATE AND TIME OF LATEST TRANSACTION
control field 20140310182257.0
008 - FIXED-LENGTH DATA ELEMENTS--GENERAL INFORMATION
fixed length control field 891227s1990 nyu 000 1 eng
010 ## - LIBRARY OF CONGRESS CONTROL NUMBER
LC control number 89046568
020 ## - INTERNATIONAL STANDARD BOOK NUMBER
International Standard Book Number 9780091743208
Terms of availability $21.95
040 ## - CATALOGING SOURCE
Original cataloging agency DLC
Transcribing agency DLC
Modifying agency DLC
050 00 - LIBRARY OF CONGRESS CALL NUMBER
Classification number PR 6054.E37
Item number .D368sp 1990
082 00 - DEWEY DECIMAL CLASSIFICATION NUMBER
Classification number FIC
Item number D36sp 1990
100 1# - MAIN ENTRY--PERSONAL NAME
Personal name Deighton, Len,
Dates associated with a name 1929-
9 (RLIN) 20415
245 10 - TITLE STATEMENT
Title Spy sinker /
Statement of responsibility, etc Len Deighton.
250 ## - EDITION STATEMENT
Edition statement 1st ed.
260 ## - PUBLICATION, DISTRIBUTION, ETC. (IMPRINT)
Place of publication, distribution, etc New York :
Name of publisher, distributor, etc HarperCollins,
Date of publication, distribution, etc c1990.
300 ## - PHYSICAL DESCRIPTION
Extent 374 p. ;
Dimensions 24 cm.
650 #0 - SUBJECT ADDED ENTRY--TOPICAL TERM
Topical term or geographic name as entry element Samson, Bernard (Fictitious character)
General subdivision Fiction.
9 (RLIN) 20416
650 #0 - SUBJECT ADDED ENTRY--TOPICAL TERM
Topical term or geographic name as entry element Intelligence service
Geographic subdivision Great Britain
General subdivision Fiction.
9 (RLIN) 20417
655 #7 - INDEX TERM--GENRE/FORM
Genre/form data or focus term Spy stories.
Source of term gsafd
9 (RLIN) 4765
906 ## - LOCAL DATA ELEMENT F, LDF (RLIN)
a 7
b cbc
c orignew
d 1
e ocip
f 19
g y-gencatlg
942 ## - ADDED ENTRY ELEMENTS (KOHA)
Source of classification or shelving scheme Library of Congress Classification
Koha item type
Call number prefix
Holdings
Withdrawn status Lost status Source of classification or shelving scheme Damaged status Home library Current library Shelving location Date acquired Total Checkouts Full call number Barcode Date last seen Copy number Price effective from Koha item type
    Library of Congress Classification   Luxembourg Library Luxembourg Library Fiction Section 09/17/2013   PR 6054.E37 .D368sp 1990 6765 09/17/2013 1 09/17/2013 Books

Spy sinker /

APA

Deighton L., . (1990). Spy sinker. New York: HarperCollins.

Chicago

Deighton Len, . 1990. Spy sinker. New York: HarperCollins.

Harvard

Deighton L., . (1990). Spy sinker. New York: HarperCollins.

MLA

Deighton Len, . Spy sinker. New York: HarperCollins. 1990.

  • Place hold
  • Print
  • Cite
  • Add to your cart (remove)
  • Save record
    BIBTEX Dublin Core MARCXML MARC (non-Unicode/MARC-8) MARC (Unicode/UTF-8) MARC (Unicode/UTF-8, Standard) MODS (XML) RIS
  • More searches
    Search for this title in:
    Other Libraries (WorldCat) Other Databases (Google Scholar) Online Stores (Bookfinder.com) Open Library (openlibrary.org)

Exporting to Dublin Core...

SOUTHVILLE LIBRARY

Southville International School and Colleges Library

1281 Tropical Ave. Cor. Luxembourg St., BF Homes International, Las Pinas City

Tel. No. 8256374 / 252358 Loc. 117/146

Powered by Koha